Guidance and control II (Record no. 2707)

MARC details
000 -LEADER
fixed length control field 00590nam a2200193Ia 4500
003 - CONTROL NUMBER IDENTIFIER
control field IN-BaIIA
005 - DATE AND TIME OF LATEST TRANSACTION
control field 20250707104605.0
008 - FIXED-LENGTH DATA ELEMENTS--GENERAL INFORMATION
fixed length control field 211028s9999 xx 000 0 eng d
040 ## - CATALOGING SOURCE
Transcribing agency IIA Library
080 ## - UNIVERSAL DECIMAL CLASSIFICATION NUMBER
Universal Decimal Classification number 629.19 (047.1)
Item number PAA-13
245 #0 - TITLE STATEMENT
Title Guidance and control II
Statement of responsibility, etc. Robert C. Langford
260 ## - PUBLICATION, DISTRIBUTION, ETC.
Place of publication, distribution, etc. New York
Name of publisher, distributor, etc. Academic Press
Date of publication, distribution, etc. 1964
300 ## - PHYSICAL DESCRIPTION
Extent xv, 997p.
490 ## - SERIES STATEMENT
Series statement Progress in astronautics and aeronautics
Volume/sequential designation 13
650 ## - SUBJECT ADDED ENTRY--TOPICAL TERM
Topical term or geographic name entry element Astronomy and Astrophysics Thesaurus
650 ## - SUBJECT ADDED ENTRY--TOPICAL TERM
Topical term or geographic name entry element Guidance
9 (RLIN) 4849
700 ## - ADDED ENTRY--PERSONAL NAME
Personal name Langford, Robert C., ed.
9 (RLIN) 4850
942 ## - ADDED ENTRY ELEMENTS (KOHA)
Koha item type Books
Source of classification or shelving scheme Dewey Decimal Classification
Holdings
Withdrawn status Lost status Source of classification or shelving scheme Damaged status Not for loan Home library Current library Shelving location Date acquired Cost, normal purchase price Total Checkouts Full call number Barcode Date last seen Cost, replacement price Price effective from Koha item type Purchase Price
    Dewey Decimal Classification     IIA Library-Bangalore IIA Library-Kodaikanal General Stacks 25/02/1967 102.60   629.19(047.1)/ PAA-13 3020 05/11/2021 102.60 25/02/1967 Books Rs. 102.60

Powered by Koha